| 000 | 00596nam a2200205Ia 4500 | ||
|---|---|---|---|
| 003 | GCL | ||
| 008 | 140319s9999 xx 000 0 ara d | ||
| 040 |
_aGCL / _cGCL |
||
| 082 | 0 | 4 |
_a810.95 _bس ا |
| 100 | 1 | _aسعد شلبى | |
| 245 | 1 | 0 |
_aابن المعتز العباسى صورة لعصره / _cسعد شلبى |
| 260 |
_a[S.N] : _bدار الفكر العربى |
||
| 300 | _a360 | ||
| 490 | _a | ||
| 650 | 0 | 4 | _aالادب العربى |
| 650 | 0 | 4 | _aالدولة العباسية الثانية |
| 650 | 0 | 4 | _aابن المعتز |
| 650 | 0 | 4 | _aتاريخ ونقد |
| 942 |
_2ddc _cBK |
||
| 999 |
_c31429 _d31429 |
||